00258nam a2200109Ia 4500008004100000041001200041082001100053100001300064245005900077260000600136650000600142221030s9999 xx 000 0 und d aEnglish a105.23 aV. Kumar 0aDigital Electronics Theory and Exprimentscby V. Kumar c0 aB